[Event "Titled Tuesday intern op 19th Oct"]
[Site "Chess.com INT"]
[Date "2021.10.19"]
[Round "2"]
[White "Chkuaseli, Revaz"]
[Black "Ovetchkin, Roman"]
[Result "0-1"]
[WhiteElo "1860"]
[BlackElo "2518"]
[PlyCount "90"]
[EventDate "2021.10.19"]
[EventType "swiss (blitz)"]
[EventRounds "11"]
[EventCountry "USA"]
[SourceTitle "CBM 204 Extra"]
[Source "ChessBase"]
[SourceDate "2021.11.30"]
[SourceVersion "1"]
[SourceVersionDate "2021.11.30"]
[SourceQuality "1"]

1. e4 c6 2. d4 d5 3. exd5 cxd5 4. c4 Nf6 5. Nc3 g6 6. Nf3 Bg7 7. Be2 0-0 8. 0-0 Nc6 9. c5 Ne4 10. a4 b6 11. Bb5 Bb7 12. Be3 bxc5 13. dxc5 Nxc3 14. bxc3 Bxc3 15. Nd4 Rc8 16. Rc1 Bxd4 17. Bxd4 Nxd4 18. Qxd4 Bc6 19. f4 e6 20. Rf3 Rc7 21. Rh3 Qe7 22. Re1 Bxb5 23. axb5 Qxc5 24. Qxc5 Rxc5 25. Rb3 Rb8 26. Reb1 h5 27. Kf2 Kg7 28. Ke3 Kf6 29. Kd4 Rc4+ 30. Ke3 Kf5 31. Ra3 Rb7 32. g3 Rbc7 33. Rbb3 f6 34. h3 g5 35. Ra6 gxf4+ 36. gxf4 Re4+ 37. Kd2 Rxf4 38. Re3 e5 39. Rg3 Rb7 40. Ra5 h4 41. Rg8 Rb4 42. Rf8 R4xb5 43. Ra6 R5b6 44. Ra4 Rb2+ 45. Kc3 R7b3# 0-1

[Event "Tbilisi Cup"]
[Site "Tbilisi"]
[Date "2010.05.15"]
[Round "1"]
[White "Chkuaseli, Revaz"]
[Black "Tabatadze, Tamaz"]
[Result "1/2-1/2"]
[WhiteElo "1888"]
[BlackElo "2390"]
[PlyCount "93"]
[EventDate "2010.05.15"]
[EventType "swiss"]
[EventRounds "9"]
[EventCountry "GEO"]
[SourceTitle "CBM 136 Extra"]
[Source "ChessBase"]
[SourceDate "2010.07.02"]
[SourceVersion "2"]
[SourceVersionDate "2010.07.15"]
[SourceQuality "1"]

1. e4 Nf6 2. e5 Nd5 3. d4 d6 4. c4 Nb6 5. exd6 cxd6 6. Nf3 g6 7. b3 Bg7 8. Bb2 0-0 9. Be2 Nc6 10. 0-0 Bf5 11. Qd2 d5 12. c5 Nd7 13. b4 Nf6 14. b5 Ne4 15. Qe1 Na5 16. Qb4 b6 17. Nc3 Bxd4 18. Qxd4 bxc5 19. Qa4 Nf6 20. Rfd1 e6 21. Qa3 Qc7 22. Na4 Nd7 23. Rac1 Nb7 24. Nd4 Qf4 25. Nc6 f6 26. Nxc5 Ndxc5 27. Rxc5 Nxc5 28. Qxc5 Rf7 29. Bc1 Qa4 30. Bh6 Qxa2 31. Ne7+ Kh8 32. Bf3 Qc2 33. Qd6 Re8 34. Rc1 Qb2 35. Nxf5 exf5 36. Qc5 Rfe7 37. Qxe7 Qxc1+ 38. Bxc1 Rxe7 39. Kf1 Rd7 40. Bb2 Kg7 41. Bd4 Kf7 42. Ke2 Ke6 43. Kd2 Rc7 44. g3 g5 45. Be2 Ke7 46. Bd3 Ke6 47. Be2 1/2-1/2

[Event "Tbilisi Municipality Cup"]
[Site "Tbilisi"]
[Date "2009.06.16"]
[Round "2"]
[White "Chkuaseli, Revaz"]
[Black "Javakhadze, Zurab"]
[Result "0-1"]
[WhiteElo "1788"]
[BlackElo "2288"]
[PlyCount "112"]
[EventDate "2009.06.15"]
[EventType "swiss"]
[EventRounds "9"]
[EventCountry "GEO"]
[SourceTitle "CBM 130 Extra"]
[Source "ChessBase"]
[SourceDate "2009.07.02"]
[SourceVersion "2"]
[SourceVersionDate "2009.07.15"]
[SourceQuality "1"]

1. e4 g6 2. d4 Bg7 3. Nc3 d6 4. Nf3 Nf6 5. Bf4 c6 6. h3 0-0 7. Be2 b5 8. a3 Nbd7 9. e5 Ne8 10. 0-0 a6 11. exd6 Nxd6 12. Ne5 Bb7 13. Bf3 Nxe5 14. Bxe5 Bxe5 15. dxe5 Nc4 16. e6 f5 17. Qe2 Qd2 18. Rad1 Qxe2 19. Bxe2 Nd6 20. Bf3 Rfd8 21. b3 Kg7 22. Rfe1 Kf6 23. Ne2 g5 24. g4 h6 25. Ng3 fxg4 26. hxg4 Kg6 27. Nh5 c5 28. Bxb7 Nxb7 29. Rd7 Rxd7 30. exd7 Kf7 31. Ng3 e6 32. f4 gxf4 33. Nh5 Rg8 34. Kf2 Rxg4 35. Kf3 Rg6 36. Rd1 Ke7 37. Nxf4 Rf6 38. Ke4 Nd8 39. Nd3 Rf5 40. Ne5 Rg5 41. Rh1 h5 42. Kf4 Kf6 43. Nf3 Rd5 44. Ke4 Nf7 45. c4 bxc4 46. bxc4 Nd6+ 47. Kf4 Rf5+ 48. Kg3 Ke7 49. Nh4 Rg5+ 50. Kf4 Rg4+ 51. Kf3 Kxd7 52. Ng2 Rxc4 53. Rxh5 Nf5 54. Rh7+ Kd6 55. Rb7 Ra4 56. Rb6+ Ke5 0-1

[Event "Tbilisi Municipality Cup"]
[Site "Tbilisi"]
[Date "2009.06.15"]
[Round "1"]
[White "Chkuaseli, Revaz"]
[Black "Zeynalov, Farid"]
[Result "1-0"]
[WhiteElo "1788"]
[BlackElo "2299"]
[PlyCount "75"]
[EventDate "2009.06.15"]
[EventType "swiss"]
[EventRounds "9"]
[EventCountry "GEO"]
[SourceTitle "CBM 130 Extra"]
[Source "ChessBase"]
[SourceDate "2009.07.02"]
[SourceVersion "2"]
[SourceVersionDate "2009.07.15"]
[SourceQuality "1"]

1. e4 e5 2. Nf3 Nf6 3. Nxe5 d6 4. Nf3 Nxe4 5. d4 d5 6. Bd3 Nc6 7. 0-0 Be7 8. c4 Nb4 9. cxd5 Nxd3 10. Qxd3 Qxd5 11. Re1 Bf5 12. Nc3 Nxc3 13. Qxc3 Be6 14. Qxc7 Bd6 15. Qc3 0-0 16. Be3 Rac8 17. Qd2 Bf5 18. Rec1 Be4 19. Ne1 Rce8 20. f3 Bg6 21. Nd3 Qb5 22. Nc5 Re7 23. a4 Qe8 24. Re1 Qb8 25. g3 Rfe8 26. Bf2 b6 27. Nb3 a5 28. Rxe7 Rxe7 29. d5 Bb4 30. Qd1 Rd7 31. Rc1 Qd8 32. Qd4 Rd6 33. Rc6 Rxd5 34. Qxb6 Rd1+ 35. Kg2 Qd3 36. Rc8+ Bf8 37. Qb5 Qb1 38. Rxf8+ 1-0